• 首页
  • 本馆介绍
  • 公告通知
  • 最新文献
  • 馆藏检索
  • 电子资源
  • 读者导购
  • 参考咨询
  • 我的图书馆
  • 登录
  • 详细信息显示
  • 放入我的书架
  • 预约/预借图书
  • 作者相关作品
  • 分类相关作品
  • 丛书相关作品
  • 出版社相关作品

书目信息

  • 表格格式
  • 工作单格式
  • 卡片格式
题名:
药物化学
    
 
作者: 唐虹 , 方应权 , 周振华 主编
分册:  
出版信息: 武汉   华中科技大学出版社  2016.8
页数: 245页
开本: 30cm
丛书名:
单 册:
中图分类: R914
科图分类:
主题词: 药物化学--高等职业教育--教材
电子资源:
ISBN: 978-7-5680-1938-5
000 01055nam0 2200265 450
001 0400003963
005 20171023083809.0
010    @a978-7-5680-1938-5@dCNY46.00
100    @a20161019d2016 em y0chiy50 ea
101 0  @achi
102    @aCN@b420000
105    @aa z 000yy
106    @ar
200 1  @a药物化学@9yao wu hua xue@f唐虹,方应权,周振华主编
210    @a武汉@c华中科技大学出版社@d2016.8
215    @a245页@c图@d30cm
300    @a全国高等卫生职业教育高素质技能型人才培养“十三五”规划教材 供药学、药品生产技术、药品质量与安全、药品服务与管理等专业使用
330    @a本教材分理论和实训两部分。理论部分为十二章,以药物的化学结构为主线,重点阐述典型药物的名称、化学结构及特点、理化性质、临床用途等内容,简要介绍各类药物的发展概况、结构类型、重要药物类型的构效关系、体内代谢等。
606 0  @a药物化学@x高等职业教育@j教材
690    @aR914@v5
701  0 @a唐虹@9tang hong@4主编
701  0 @a方应权@9fang ying quan@4主编
701  0 @a周振华@9zhou zhen hua@4主编
801  0 @aCN@b91MARC@c20171023
905    @b1036676-80@dR914@f5@e131
    
    药物化学/唐虹,方应权,周振华主编.-武汉:华中科技大学出版社,2016.8
    245页:图;30cm
    全国高等卫生职业教育高素质技能型人才培养“十三五”规划教材 供药学、药品生产技术、药品质量与安全、药品服务与管理等专业使用
    
    ISBN 978-7-5680-1938-5:CNY46.00
    本教材分理论和实训两部分。理论部分为十二章,以药物的化学结构为主线,重点阐述典型药物的名称、化学结构及特点、理化性质、临床用途等内容,简要介绍各类药物的发展概况、结构类型、重要药物类型的构效关系、体内代谢等。
●
相关链接 在E读中查询图书 在五车中查询图书 在当当中查询图书 在豆瓣中查询图书


正题名:药物化学     索取号:R914/131         预约/预借

序号 登录号 条形码 馆藏地/架位号 状态 备注
1 1036676   210366762   第二样本阅览室/ [索取号:R914/131] 在馆    
2 1036677   210366771   密集书库-生命科学系/ [索取号:R914/131] 在馆    
3 1036678   210366780   第三借阅区/ [索取号:R914/131] 在馆    
4 1036679   210366799   第三借阅区/ [索取号:R914/131] 在馆    
5 1036680   210366806   第三借阅区/ [索取号:R914/131] 在馆    
唐山师范学院图书馆 欢迎您!
大连网信软件有限公司© 版权所有